000 01465nam a2200349 a 4500
005 20241129075717.0
008 100310s2011||||sp a f |||| 001 0 spa d
020 _a9788479034443
041 _aspa
092 _c616.07
_l79
_sSIL
100 1 _aSilbernagl, Stefan
_91947
245 _aFisiología.
_bTexto y atlas. 188 ilustraciones /
_cStefan Silbernagl
250 _a7a ed. revisada y ampliada
_bTraducción Jorge Frydman y Alexandra Mandry. Ilustraciones de Rüdiger Gay y Astried Rothenbueger
260 _aMadrid:
_bEditorial Médica Panamericana;
_c2011.
300 _a440 p.
_bil.
500 _aSilbernagl, S. y Despopoulos, A. (Col.). (2011). Fisiología. Texto y atlas. 188 ilustraciones. (7a ed.). Madrid : Editorial Médica Panamericana.
653 _aBases de la fisiologia, fisiologia celular
653 _aNervio y musculo, trabajo
653 _aSistema nervioso autonomo
653 _aSangre
653 _aRespiracion
653 _aEstado acido-base
653 _aRiñon
653 _aCorazon y aparato circulatorio
653 _aEquilibrio termico y termoregulacion
653 _aDigestion
653 _aHormonas, reproduccion
653 _aSistema nervioso central y sentidos
653 _aApéndices: Magnitudes y unidades. Potencias y logaritmos. Representación gráfica de mediciones. Alfabeto griego. Valores normales. Fórmulas importantes en fisiología
700 1 _aDespopoulos, Agamemnon
_91948
942 _2ddc
_cBK
999 _c2254
_d2254